[Event "Bad Woerishofen op"]
[Site "?"]
[Date "2006.03.24"]
[Round "8"]
[White "Friedrich, Norbert"]
[Black "Gohla, Ulf"]
[Result "1-0"]
[WhiteElo "2304"]
[BlackElo "2199"]
[PlyCount "75"]
[EventDate "2006.??.??"]

1. Nf3 d5 2. d4 Nc6 3. c3 Nf6 4. g3 Bg4 5. Qb3 Bxf3 6. exf3 Rb8 7. f4 Qd7 8.
Nd2 Qe6+ 9. Be2 g6 10. Nf3 Qe4 11. Qd1 Bg7 12. O-O Qe6 13. Re1 O-O 14. Bd3 Qc8
15. a4 Re8 16. a5 Nd8 17. Kg2 b6 18. Ne5 Nd7 19. Nf3 Nf6 20. Qe2 e6 21. Ne5 c5
22. Bb5 Re7 23. axb6 axb6 24. Be3 c4 25. Qf3 Ne8 26. Bxe8 Rxe8 27. h4 Nc6 28.
h5 b5 29. Rh1 b4 30. Qg4 bxc3 31. bxc3 Rb2 32. Qh3 Nxe5 33. fxe5 Qd8 34. Ra7 g5
35. h6 Bf8 36. Qh5 Be7 37. Bxg5 Qb8 38. Bxe7 1-0

[Event "Bad Woerishofen op"]
[Site "?"]
[Date "2006.03.24"]
[Round "8"]
[White "Heika, Martin"]
[Black "Guenther, Thomas"]
[Result "1-0"]
[WhiteElo "2357"]
[BlackElo "2111"]
[PlyCount "79"]
[EventDate "2006.??.??"]

1. e4 c5 2. Nf3 Nc6 3. c3 e6 4. d4 d5 5. exd5 Qxd5 6. Na3 Qd8 7. Bb5 cxd4 8.
O-O Nf6 9. Nxd4 Bd7 10. Nac2 Qc7 11. Bd3 a6 12. Nxc6 Bxc6 13. Nd4 Bd6 14. Nxc6
Qxc6 15. Qe2 Qc7 16. g3 O-O 17. Bg5 Nd7 18. Rad1 Ne5 19. Be4 Rab8 20. Bf4 f6
21. Bg2 Rfe8 22. Rd4 g5 23. Be3 Bc5 24. Re4 f5 25. Ra4 Bxe3 26. Qxe3 Nf7 27.
Rb4 b5 28. Rd4 Rbd8 29. Rfd1 e5 30. Rd5 Rxd5 31. Bxd5 Qe7 32. Bb3 Kg7 33. Qb6
Qf6 34. Qc7 Re7 35. Rd7 Rxd7 36. Qxd7 Kg6 37. c4 Nd6 38. c5 Ne4 39. c6 Qd6 40.
Qe6+ {Zeit} 1-0

[Event "Bad Woerishofen op"]
[Site "?"]
[Date "2006.03.24"]
[Round "8"]
[White "Dubkov, Andrej"]
[Black "Roeder, Mathias"]
[Result "0-1"]
[WhiteElo "2300"]
[BlackElo "2400"]
[PlyCount "70"]
[EventDate "2006.??.??"]

1. e4 c5 2. Nc3 d6 3. Bb5+ Bd7 4. a4 Nc6 5. d3 g6 6. Bg5 Bg7 7. Nge2 Nf6 8. O-O
h6 9. Be3 a6 10. Bxc6 Bxc6 11. a5 O-O 12. f3 e5 13. Qd2 Kh7 14. h3 Qe7 15. Rae1
Nd7 16. f4 f5 17. Nd5 Bxd5 18. exd5 Rae8 19. b4 e4 20. bxc5 exd3 21. Nc1 dxc5
22. Nxd3 Qd6 23. Nf2 b5 24. axb6 Nxb6 25. Qa5 Rxe3 26. Rxe3 Nc4 27. Qe1 Nxe3
28. Qxe3 Qxd5 29. c3 Qc4 30. Rc1 Rd8 31. g4 a5 32. h4 fxg4 33. h5 gxh5 34. f5
Qf7 35. Qxc5 Rd5 0-1

[Event "Bad Woerishofen op"]
[Site "?"]
[Date "2006.03.24"]
[Round "8"]
[White "Eingorn, Viacheslav"]
[Black "Saravanan, Venkatach"]
[Result "1/2-1/2"]
[WhiteElo "2595"]
[BlackElo "2329"]
[PlyCount "78"]
[EventDate "2006.??.??"]

1. d4 Nf6 2. c4 g6 3. g3 Bg7 4. Bg2 O-O 5. Nc3 c5 6. d5 e6 7. dxe6 dxe6 8. Qxd8
Rxd8 9. Bf4 Ng4 10. Nf3 Nc6 11. O-O Bd7 12. Rad1 Be8 13. h3 Nf6 14. Ne5 Nh5 15.
Bxc6 Nxf4 16. gxf4 Bxc6 17. Nxc6 Rxd1 18. Rxd1 Bxc3 19. bxc3 bxc6 20. Rd7 a5
21. a4 Kf8 22. e3 Ke8 23. Rc7 Rb8 24. Ra7 Rb3 25. Rxa5 Rxc3 26. Rxc5 Kd7 27.
Kf1 f6 28. Ra5 Rxc4 29. Ra7+ Kd6 30. a5 Ra4 31. Rxh7 Rxa5 32. Rh6 c5 33. Rxg6
c4 34. Ke2 Ra2+ 35. Kd1 Rxf2 36. Rxf6 Rf3 37. e4 Ke7 38. e5 Rxh3 39. Kc2 Rf3
1/2-1/2

[Event "Bad Woerishofen sen"]
[Site "?"]
[Date "2006.03.24"]
[Round "8"]
[White "Mantzouneas, Nikolaos"]
[Black "Neese, Hans-Joachim"]
[Result "0-1"]
[WhiteElo "2010"]
[BlackElo "2244"]
[PlyCount "90"]
[EventDate "2006.??.??"]

1. d4 Nf6 2. Nf3 d5 3. c4 e6 4. Nc3 c6 5. e3 Nbd7 6. Bd3 dxc4 7. Bxc4 b5 8. Bd3
a6 9. O-O c5 10. Ne4 Bb7 11. Nxf6+ Nxf6 12. a3 c4 13. Bc2 Qd5 14. Qe2 Bd6 15.
Rd1 Ne4 16. Ne1 f5 17. f3 Nf6 18. Bd2 O-O 19. Rdb1 Rfc8 20. Bc3 a5 21. Qd2 Bc7
22. b3 Qd6 23. g3 Bd5 24. bxc4 Bxc4 25. Bb3 Qc6 26. Bxc4 bxc4 27. Kf2 g5 28. e4
f4 29. g4 Rd8 30. Qc2 Bb6 31. Kg2 Bxd4 32. Bxd4 Rxd4 33. Qc3 Qd7 34. Ra2 e5 35.
Rb6 Qf7 36. Rab2 Ra7 37. Rc6 Rc7 38. Ra6 Rc5 39. Rxa5 Qc7 40. Ra8+ Kg7 41. Rab8
Qa5 42. R2b4 Rd7 43. R8b6 Rdc7 44. h4 Nd7 45. Rb7 Rxb7 0-1

[Event "Bad Woerishofen op"]
[Site "?"]
[Date "2006.03.24"]
[Round "8"]
[White "Tauber, Manfred"]
[Black "Thinius, Marco"]
[Result "1-0"]
[WhiteElo "2259"]
[BlackElo "2343"]
[PlyCount "87"]
[EventDate "2006.??.??"]

1. d4 Nf6 2. Nf3 e6 3. c4 b6 4. g3 Ba6 5. b3 b5 6. cxb5 Bxb5 7. Bg2 Bc6 8. O-O
a5 9. Nc3 Bb4 10. Na4 Bxa4 11. bxa4 d5 12. Bg5 Be7 13. Ne5 O-O 14. Qc2 h6 15.
Bf4 Bd6 16. Rfc1 Nfd7 17. Nd3 Ra6 18. Qd2 Nc6 19. Bxd6 cxd6 20. e3 Qa8 21. Nf4
Nb6 22. Bf1 Ra7 23. Bb5 Ne7 24. Rc2 Rc8 25. Rac1 Rxc2 26. Rxc2 g6 27. Ne2 h5
28. h4 Nf5 29. Qc1 Qb8 30. Nf4 Kg7 31. Kh2 Qd8 32. Kg2 Ne7 33. Nh3 Ra8 34. Ng5
Rc8 35. Rxc8 Nbxc8 36. Qc3 Qb6 37. Be8 f6 38. Nxe6+ Kh7 39. Qc2 Qb7 40. Bxg6+
Nxg6 41. Nf8+ Kg7 42. Nxg6 Ne7 43. Nf4 f5 44. Nxh5+ 1-0

[Event "Bad Woerishofen op"]
[Site "?"]
[Date "2006.03.24"]
[Round "8"]
[White "Heinig, Wolfram Dr"]
[Black "Starostits, Ilmars"]
[Result "0-1"]
[WhiteElo "2338"]
[BlackElo "2493"]
[PlyCount "108"]
[EventDate "2006.??.??"]

1. d4 Nf6 2. c4 g6 3. Nc3 d5 4. Nf3 Bg7 5. Bg5 Ne4 6. cxd5 Nxg5 7. Nxg5 e6 8.
Qd2 exd5 9. Qe3+ Kf8 10. Qf4 Bf6 11. h4 Kg7 12. e4 dxe4 13. Bc4 Qxd4 14. Qxc7
Bd7 15. Rd1 Rc8 16. Qxc8 Qxd1+ 17. Kxd1 Bxc8 18. Ncxe4 Bxb2 19. Nxf7 Nc6 20.
Kc2 Bd4 21. h5 Bf5 22. h6+ Kf8 23. Nfd6 Ne5 24. Bb3 Bd7 25. Rd1 Bb6 26. f3 Ke7
27. Nxb7 Rc8+ 28. Kb1 Nc4 29. Nbd6 Nxd6 30. Nxd6 Rc5 31. Ne4 Re5 32. Re1 Ba5
33. Rd1 Bb6 34. g4 Be3 35. Re1 Bf4 36. Kc2 Bc6 37. Kd3 Kf8 38. Rh1 Re7 39. Kd4
Bb7 40. Bd5 Be5+ 41. Kc4 Rc7+ 42. Nc5 Ba6+ 43. Kb4 Bd6 44. Rc1 Be2 45. Rc2 Rxc5
46. Rxc5 a5+ 47. Kxa5 Bxc5 48. a4 Ke7 49. Be4 Kd6 50. Bb7 Be3 51. Kb4 Bxh6 52.
Kc3 Be3 53. a5 Ke5 54. a6 Kf4 0-1

[Event "Bad Woerishofen op"]
[Site "?"]
[Date "2006.03.24"]
[Round "8"]
[White "Skembris, Spyridon"]
[Black "Dittmar, Peter"]
[Result "1/2-1/2"]
[WhiteElo "2451"]
[BlackElo "2334"]
[PlyCount "99"]
[EventDate "2006.??.??"]

1. d4 d5 2. c4 e6 3. Nc3 Nf6 4. Nf3 Nbd7 5. Bg5 c6 6. cxd5 exd5 7. e3 Be7 8.
Qc2 Nh5 9. Bxe7 Qxe7 10. O-O-O g6 11. Bd3 Nb6 12. Ne5 Be6 13. g4 Ng7 14. h3
O-O-O 15. Na4 Nxa4 16. Qxa4 f6 17. Nf3 Kb8 18. Kb1 Rd6 19. Rc1 Rc8 20. Rc3 Rc7
21. Rhc1 Bc8 22. b4 Ne6 23. Ka1 Bd7 24. Qb3 Be8 25. h4 Rd8 26. Nd2 Rdc8 27. f4
h6 28. Nf3 Nf8 29. g5 hxg5 30. hxg5 fxg5 31. Nxg5 Qxe3 32. Bf5 Qxd4 33. Bxc8
Rxc8 34. b5 Qxf4 35. bxc6 Bxc6 36. Rxc6 Rxc6 37. Rxc6 Qxg5 38. Qb2 Qh5 39. Rc1
Nd7 40. Re1 b6 41. Qc3 Kb7 42. Re7 Qh1+ 43. Kb2 Qh2+ 44. Kb3 Qd6 45. Rg7 a5 46.
a3 Qe6 47. Kb2 Qe2+ 48. Kc1 Qf1+ 49. Kb2 Qe2+ 50. Kc1 1/2-1/2

[Event "Bad Woerishofen op"]
[Site "Bad Woerishofen"]
[Date "2006.03.24"]
[Round "8"]
[White "Stuemer, Paul"]
[Black "Salvermoser, Bernd"]
[Result "1-0"]
[WhiteElo "2161"]
[BlackElo "2304"]
[PlyCount "93"]
[EventDate "2006.03.20"]
[EventType "swiss"]
[EventRounds "9"]
[EventCountry "GER"]

1. c4 e5 2. g3 Nc6 3. Bg2 f5 4. Nc3 Nf6 5. d3 g6 6. e4 d6 7. Nge2 fxe4 8. dxe4
Bg7 9. O-O O-O 10. h3 Nd7 11. Be3 Kh8 12. Qd2 Nc5 13. Nd5 Ne6 14. Rad1 Ncd4 15.
f4 c6 16. Ndc3 a5 17. g4 Nxe2+ 18. Nxe2 exf4 19. Nxf4 Be5 20. Ne2 Rxf1+ 21.
Rxf1 Qe7 22. Nd4 Nc5 23. Bg5 Qe8 24. Nf3 Nxe4 25. Qe3 Nxg5 26. Qxg5 Bg7 27. Re1
Be6 28. Nh4 Qf7 29. Rf1 Bd4+ 30. Kh1 Qg7 31. b3 Be5 32. Qd2 a4 33. Nf3 Bg3 34.
Ng5 Bg8 35. Ne4 Qe5 36. Nxg3 Qxg3 37. Rf4 Re8 38. Qd4+ Re5 39. Re4 Kg7 40. Qxd6
Qxg2+ 41. Kxg2 Rxe4 42. Kf3 Re8 43. Qd7+ Bf7 44. Qxb7 axb3 45. axb3 Re6 46. g5
c5 47. Qc7 1-0

[Event "Bad Woerishofen op"]
[Site "Bad Woerishofen"]
[Date "2006.03.24"]
[Round "8"]
[White "Keller, Manfred"]
[Black "Engl, Heinz"]
[Result "1-0"]
[WhiteElo "2202"]
[BlackElo "2072"]
[PlyCount "65"]
[EventDate "2006.03.20"]
[EventType "swiss"]
[EventRounds "9"]
[EventCountry "GER"]

1. e4 c5 2. Nf3 Nc6 3. Bb5 Na5 4. c3 a6 5. Ba4 b5 6. Bc2 Bb7 7. d4 d6 8. O-O e6
9. Qe2 Be7 10. dxc5 dxc5 11. e5 Qc7 12. Bf4 Bd5 13. Nbd2 Rd8 14. a4 Qb6 15.
axb5 axb5 16. Rfd1 h5 17. Ng5 c4 18. Nde4 Nb7 19. Be3 Qc6 20. Bd4 h4 21. Ra7
Nh6 22. Rda1 Nf5 23. R1a6 Nxd4 24. cxd4 Qc8 25. Qg4 Rh6 26. Qf4 Bxg5 27. Qxg5
Bxe4 28. Bxe4 Rxd4 29. h3 Rxe4 30. Ra8 Rg6 31. Rxc8+ Kd7 32. Rd8+ Kc7 33. Qe7#
1-0

[Event "Bad Woerishofen op"]
[Site "Bad Woerishofen"]
[Date "2006.03.24"]
[Round "8"]
[White "Kroencke, Manfred"]
[Black "Kuhlmann, Hans-Peter"]
[Result "1-0"]
[WhiteElo "2166"]
[BlackElo "2068"]
[PlyCount "65"]
[EventDate "2006.03.20"]
[EventType "swiss"]
[EventRounds "9"]
[EventCountry "GER"]

1. e4 e5 2. Nf3 Nc6 3. Nc3 Nf6 4. Bb5 Qe7 5. O-O a6 6. Ba4 Qc5 7. d3 Be7 8. Be3
Nd4 9. Bxd4 exd4 10. Ne2 O-O 11. Nexd4 d5 12. e5 Ng4 13. c3 f6 14. e6 Bd6 15.
Bd7 Bxd7 16. exd7 Qb6 17. Qe2 Ne5 18. Ne6 Nxf3+ 19. gxf3 Be5 20. Nxf8 Rxf8 21.
Rfe1 Qd6 22. f4 Bxf4 23. Qe6+ Qxe6 24. Rxe6 Kf7 25. Rae1 Rd8 26. Re7+ Kg6 27.
Kh1 Kh6 28. Rf7 Kg6 29. Ree7 Bh6 30. Rf8 Rxf8 31. Re8 Rf7 32. d8=Q c6 33. Re7
1-0

[Event "Bad Woerishofen op"]
[Site "Bad Woerishofen"]
[Date "2006.03.24"]
[Round "8"]
[White "Magar, Johannes"]
[Black "Lochte, Thomas"]
[Result "1-0"]
[WhiteElo "2080"]
[BlackElo "2165"]
[PlyCount "61"]
[EventDate "2006.03.20"]
[EventType "swiss"]
[EventRounds "9"]
[EventCountry "GER"]

1. e4 e6 2. d4 d5 3. Nd2 Nf6 4. e5 Nfd7 5. Bd3 c5 6. c3 Nc6 7. Ne2 cxd4 8. cxd4
Qb6 9. Nf3 f6 10. exf6 Nxf6 11. O-O Bd6 12. Bf4 Bxf4 13. Nxf4 O-O 14. Re1 Ne4
15. g3 g5 16. Bxe4 gxf4 17. Bxh7+ Kxh7 18. Ng5+ Kg6 19. Nxe6 Bxe6 20. Rxe6+ Kf5
21. Rd6 Rae8 22. Qh5+ Ke4 23. Qxd5+ Kd3 24. Qf3+ Re3 25. fxe3 Qxb2 26. e4+ Kc4
27. Qf1+ Kc3 28. Rc1+ Kd2 29. Rd1+ Kc3 30. Qd3+ Kb4 31. Rb1 1-0

[Event "Bad Woerishofen op"]
[Site "Bad Woerishofen"]
[Date "2006.03.24"]
[Round "8"]
[White "Mader, Manuela"]
[Black "Naegele, Thomas"]
[Result "0-1"]
[WhiteElo "2067"]
[BlackElo "2220"]
[PlyCount "68"]
[EventDate "2006.03.20"]
[EventType "swiss"]
[EventRounds "9"]
[EventCountry "GER"]

1. e4 c5 2. c3 d5 3. exd5 Qxd5 4. d4 Nf6 5. Nf3 Bg4 6. dxc5 Qxc5 7. Na3 a6 8.
Be3 Qc7 9. h3 Bh5 10. Qa4+ Nbd7 11. O-O-O Bxf3 12. gxf3 O-O-O 13. Nc4 e6 14. b4
Nd5 15. Kb2 Be7 16. Be2 Bf6 17. Bd4 Kb8 18. Qc2 Rc8 19. Bxf6 N7xf6 20. Rc1 Nf4
21. Ne3 Rhd8 22. h4 Rd6 23. c4 Rcd8 24. Rhd1 a5 25. a3 axb4 26. axb4 Rb6 27.
Kb3 Rxd1 28. Rxd1 Nd7 29. Bf1 Nc5+ 30. Ka3 Ra6+ 31. Kb2 Qe5+ 32. Kc1 Ra3 33.
Kd2 Nb3+ 34. Ke1 Nd4 0-1

[Event "Bad Woerishofen op"]
[Site "Bad Woerishofen"]
[Date "2006.03.24"]
[Round "8"]
[White "Stabolewski, Andreas"]
[Black "Oud, Niek"]
[Result "1-0"]
[WhiteElo "2228"]
[BlackElo "2085"]
[PlyCount "85"]
[EventDate "2006.03.20"]
[EventType "swiss"]
[EventRounds "9"]
[EventCountry "GER"]

1. d4 d5 2. Nf3 e6 3. e3 Nf6 4. Bd3 Be7 5. O-O O-O 6. Nbd2 b6 7. e4 dxe4 8.
Nxe4 Bb7 9. Qe2 Nbd7 10. Neg5 c5 11. Re1 cxd4 12. Nxe6 Bxf3 13. gxf3 fxe6 14.
Qxe6+ Kh8 15. Qxe7 Qc7 16. Bd2 Rae8 17. Qa3 Ne5 18. Bb5 Rd8 19. f4 Nc4 20. Bxc4
Qxc4 21. Qd3 Qc6 22. f5 Rd5 23. Bb4 Rc8 24. Rac1 a5 25. Be7 Ng8 26. Re6 Qb7 27.
Rce1 Rd7 28. Bg5 Rf8 29. Re8 Rxe8 30. Rxe8 Qd5 31. Qb3 h6 32. Qxd5 Rxd5 33. Bd8
Rxf5 34. Bxb6 Rb5 35. Bxd4 Kh7 36. Ra8 Ne7 37. Bc3 Nc6 38. Rc8 Ne7 39. Rc7 Rg5+
40. Kf1 Nd5 41. Rc4 Rf5 42. Ke1 Nf4 43. Ra4 1-0

[Event "Bad Woerishofen op"]
[Site "Bad Woerishofen"]
[Date "2006.03.24"]
[Round "8"]
[White "Sailer, Wolfgang"]
[Black "Schellmann, Frank"]
[Result "1-0"]
[WhiteElo "2220"]
[BlackElo "2112"]
[PlyCount "82"]
[EventDate "2006.03.20"]
[EventType "swiss"]
[EventRounds "9"]
[EventCountry "GER"]

1. d4 Nf6 2. c4 g6 3. Nc3 d5 4. Nf3 Bg7 5. Bf4 O-O 6. e3 c5 7. dxc5 Qa5 8. Rc1
dxc4 9. Bxc4 Qxc5 10. Bb3 Nc6 11. O-O Qa5 12. Qe2 Nh5 13. Bg5 Bg4 14. Bh4 g5
15. Bg3 Nxg3 16. hxg3 Rad8 17. Rfd1 h6 18. Rxd8 Rxd8 19. Ne4 Qf5 20. Bc2 Bxf3
21. gxf3 Ne5 22. Kg2 g4 23. fxg4 Qxg4 24. f3 Qc8 25. b3 Qc6 26. Nf2 Qb6 27. Bb1
Qb4 28. Rd1 Rxd1 29. Qxd1 Qd6 30. Qc2 Qc6 31. Qh7+ Kf8 32. Be4 Qb6 33. Qf5 e6
34. Qf4 h5 35. Qh4 Ng6 36. Qxh5 Qxe3 37. Bxg6 fxg6 38. Qxg6 Bd4 39. Qc2 Qxf2+
40. Qxf2 Bxf2 41. Kxf2 Ke7 1-0

[Event "Bad Woerishofen op"]
[Site "?"]
[Date "2006.03.24"]
[Round "8"]
[White "Wohl, Alexandar"]
[Black "Ikonnikov, Vyacheslav"]
[Result "0-1"]
[WhiteElo "2452"]
[BlackElo "2580"]
[PlyCount "118"]
[EventDate "2006.??.??"]

1. e4 c5 2. Nf3 Nc6 3. d4 cxd4 4. Nxd4 Nf6 5. Nc3 e5 6. Ndb5 d6 7. Nd5 Nxd5 8.
exd5 Ne7 9. c3 Nf5 10. a4 Be7 11. Bd3 O-O 12. h4 a6 13. Na3 Re8 14. Kf1 Bxh4
15. g4 Nh6 16. Bxh6 gxh6 17. Qf3 Bg5 18. Nc4 Qc7 19. Ne3 Qe7 20. Be4 Kg7 21. a5
Bd7 22. Nf5+ Bxf5 23. Qxf5 Rh8 24. Rh3 Rac8 25. Kg2 Rc7 26. b3 Qf6 27. Qxf6+
Kxf6 28. Ra2 Kg7 29. c4 Rb8 30. Rc3 b5 31. axb6 Rxb6 32. Bc2 Rc5 33. Rd3 a5 34.
Rd1 Rb7 35. Kf3 h5 36. gxh5 f5 37. Bxf5 Rxb3+ 38. Rd3 Rb4 39. Kg2 Rbxc4 40. Be6
Rc2 41. Rxc2 Rxc2 42. Rf3 Bf4 43. Rb3 Kf6 44. Rb7 Kg5 45. Rxh7 Be3 46. Kf3 Bc5
47. Rh8 a4 48. h6 a3 49. h7 Kh6 50. Ra8 Rc3+ 51. Kg4 Rc4+ 52. Kg3 Kxh7 53. f3
Kg6 54. Rg8+ Kf6 55. Rf8+ Ke7 56. Ra8 Rc2 57. f4 a2 58. fxe5 Bd4 59. exd6+ Kxd6
0-1

[Event "Bad Woerishofen op"]
[Site "?"]
[Date "2006.03.24"]
[Round "8"]
[White "Halkias, Stelios"]
[Black "Zaragatski, Ilja"]
[Result "1-0"]
[WhiteElo "2528"]
[BlackElo "2400"]
[PlyCount "207"]
[EventDate "2006.??.??"]

1. d4 d5 2. c4 Nc6 3. Nc3 Nf6 4. Nf3 dxc4 5. Bg5 h6 6. Bxf6 exf6 7. e3 Na5 8.
Bxc4 Nxc4 9. Qa4+ c6 10. Qxc4 Be6 11. Qe2 Be7 12. O-O O-O 13. Rfd1 Qa5 14. h3
Rfd8 15. Ne1 Qg5 16. Qf3 Qh4 17. Nd3 g5 18. Ne4 g4 19. Qg3 Qxg3 20. Nxg3 gxh3
21. Nf4 hxg2 22. Kxg2 Kh7 23. Rh1 c5 24. dxc5 Bxc5 25. Rh4 Rg8 26. Kf3 Rac8 27.
Rah1 Be7 28. Rxh6+ Kg7 29. Rh7+ Kf8 30. Nxe6+ fxe6 31. Nh5 Rc6 32. Rd1 Ke8 33.
Rd7 Kxd7 34. Nxf6+ Kd6 35. Nxg8 Bg5 36. Rg7 Bh4 37. Rh7 Rc8 38. Rxh4 Rxg8 39.
Rh7 Rf8+ 40. Ke2 Kc6 41. Re7 Rf6 42. f4 a5 43. Kd3 b6 44. Ke4 Kd6 45. Rb7 Kc6
46. Re7 Kd6 47. Rg7 Rh6 48. Rg2 Rh5 49. Rg5 Rh2 50. Rb5 Kc6 51. a4 Rh3 52. Kd4
Kc7 53. Rb3 Rh5 54. e4 Kc6 55. Rc3+ Kd6 56. Rb3 Kc6 57. Rg3 Kd6 58. e5+ Kc6 59.
Rg6 Kd7 60. Rg7+ Kc6 61. Re7 Rh6 62. b3 Rg6 63. Kc4 Rh6 64. Re8 Kd7 65. Rf8 Rh3
66. Rf7+ Kc6 67. Rf6 Kd7 68. Rf7+ Kc6 69. Re7 Rh6 70. Kd4 Rg6 71. Ke4 Rh6 72.
Re8 Rg6 73. Kf3 Kd7 74. Rb8 Kc7 75. Rf8 Kd7 76. Rf7+ Ke8 77. Rb7 Rg1 78. Rxb6
Rf1+ 79. Kg4 Rg1+ 80. Kh5 Kd7 81. Rb5 Rg3 82. Kh4 Rf3 83. Kg4 Re3 84. Rxa5 Rxb3
85. Ra7+ Kc6 86. a5 Ra3 87. a6 Kd5 88. Rd7+ Ke4 89. a7 Ra1 90. Rf7 Rg1+ 91. Kh5
Rg8 92. Kh6 Kf3 93. Kh7 Re8 94. Kg6 Ke4 95. Rb7 Ra8 96. Rb4+ Kd5 97. Ra4 Rg8+
98. Kf7 Ra8 99. Ra5+ Ke4 100. Kxe6 Kxf4 101. Kd7 Kf5 102. e6+ Kf6 103. e7 Kf7
104. e8=Q+ 1-0

[Event "Bad Woerishofen op"]
[Site "?"]
[Date "2006.03.25"]
[Round "9"]
[White "Ikonnikov, Vyacheslav"]
[Black "Burmakin, Vladimir"]
[Result "1/2-1/2"]
[WhiteElo "2580"]
[BlackElo "2519"]
[PlyCount "20"]
[EventDate "2006.??.??"]

1. d4 d5 2. Nf3 c6 3. c4 Nf6 4. Nc3 a6 5. c5 Nbd7 6. Bf4 Nh5 7. Bc1 Nhf6 8. Bf4
Nh5 9. Bc1 Nhf6 10. Bf4 Nh5 1/2-1/2

[Event "Bad Woerishofen sen"]
[Site "?"]
[Date "2006.03.25"]
[Round "9"]
[White "Fahnenschmidt, Gerhard"]
[Black "Bierbach, Utz"]
[Result "1-0"]
[WhiteElo "2182"]
[BlackElo "1990"]
[PlyCount "39"]
[EventDate "2006.??.??"]

1. c4 Nf6 2. Nc3 d6 3. d4 g6 4. e4 Bg7 5. Be2 c6 6. Bg5 Qc7 7. f4 h6 8. Bh4 Qa5
9. Qd2 O-O 10. Nf3 Nbd7 11. e5 dxe5 12. fxe5 Nh7 13. Bxe7 Re8 14. Bd6 c5 15. d5
Nxe5 16. Bxe5 Bxe5 17. Nxe5 Rxe5 18. O-O Bd7 19. Qxh6 Rae8 20. Rxf7 1-0

[Event "Bad Woerishofen op"]
[Site "?"]
[Date "2006.03.25"]
[Round "9"]
[White "Michalczak, Thomas"]
[Black "Lupor, Andre"]
[Result "0-1"]
[WhiteElo "2361"]
[BlackElo "2284"]
[PlyCount "48"]
[EventDate "2006.??.??"]

1. e4 c5 2. c3 Nf6 3. e5 Nd5 4. Nf3 e6 5. d4 cxd4 6. cxd4 d6 7. Bc4 Nc6 8. O-O
Be7 9. Qe2 O-O 10. Nc3 Nxc3 11. bxc3 dxe5 12. dxe5 Bd7 13. Qe4 Na5 14. Bd3 g6
15. Bh6 Bc6 16. Qe3 Re8 17. Rad1 Bxf3 18. Bxg6 Bxd1 19. Bxf7+ Kxf7 20. Qf4+ Bf6
21. Bg5 Bc2 22. Bxf6 Qd3 23. Qg4 Rg8 24. Qb4 Rxg2+ 0-1

[Event "Bad Woerishofen sen"]
[Site "?"]
[Date "2006.03.25"]
[Round "9"]
[White "Schirmer, Werner"]
[Black "Kripp, Wolfgang"]
[Result "1/2-1/2"]
[WhiteElo "2063"]
[BlackElo "2190"]
[PlyCount "40"]
[EventDate "2006.??.??"]

1. e4 Nf6 2. e5 Nd5 3. d4 d6 4. Nf3 Bg4 5. Be2 e6 6. O-O Be7 7. exd6 cxd6 8. c4
Nb6 9. Nc3 O-O 10. b3 d5 11. Bf4 Nc6 12. c5 Nd7 13. b4 a6 14. b5 axb5 15. Nxb5
Bxf3 16. Bxf3 Rc8 17. Bd6 b6 18. Rc1 bxc5 19. dxc5 Qa5 20. Be2 Bxd6 1/2-1/2

[Event "Bad Woerishofen sen"]
[Site "?"]
[Date "2006.03.25"]
[Round "9"]
[White "Walther, Diethelm"]
[Black "Blosze, Winfried"]
[Result "1-0"]
[WhiteElo "2192"]
[BlackElo "1897"]
[PlyCount "55"]
[EventDate "2006.??.??"]

1. d4 Nf6 2. Bg5 c6 3. Nd2 Qa5 4. Bxf6 exf6 5. e4 d5 6. f3 Be6 7. Bd3 c5 8.
exd5 Bxd5 9. Qe2+ Be7 10. c4 Bxc4 11. Bxc4 a6 12. d5 Qc7 13. a4 O-O 14. Nh3 Bd6
15. O-O Bxh2+ 16. Kh1 Be5 17. Rab1 Nd7 18. f4 Bd4 19. Rfe1 f5 20. Nf3 Rae8 21.
Qxe8 Rxe8 22. Rxe8+ Nf8 23. Rbe1 Bf6 24. Ne5 g6 25. d6 Qa5 26. Nd7 Bg7 27. Nxf8
Qxa4 28. b3 1-0

[Event "Bad Woerishofen sen"]
[Site "?"]
[Date "2006.03.25"]
[Round "9"]
[White "Ganslmayer, Herbert"]
[Black "Scheidt, Eugen"]
[Result "1/2-1/2"]
[WhiteElo "2050"]
[BlackElo "1985"]
[PlyCount "59"]
[EventDate "2006.??.??"]

1. d4 Nf6 2. e3 d5 3. f4 Bf5 4. Nf3 Nbd7 5. Nbd2 c6 6. Be2 e6 7. Ne5 Bd6 8.
Ndf3 O-O 9. O-O h6 10. Nxd7 Nxd7 11. Bd2 Qc7 12. Ne5 Be7 13. Nxd7 Qxd7 14. c4
Be4 15. Qb3 b6 16. Bd3 Bxd3 17. Qxd3 f5 18. Rfc1 Rac8 19. Rc2 Rc7 20. Rac1 Rfc8
21. a4 c5 22. b3 cxd4 23. exd4 dxc4 24. Rxc4 Rxc4 25. Rxc4 Rxc4 26. Qxc4 Bf6
27. Be3 a6 28. Kf2 b5 29. axb5 axb5 30. Qc5 1/2-1/2

[Event "Bad Woerishofenop"]
[Site "?"]
[Date "2006.03.25"]
[Round "9"]
[White "Saravanan, Venkatach"]
[Black "Henrichs, Thomas"]
[Result "1-0"]
[WhiteElo "2329"]
[BlackElo "2434"]
[PlyCount "61"]
[EventDate "2006.??.??"]

1. e4 c5 2. Nf3 d6 3. d4 cxd4 4. Nxd4 Nf6 5. Nc3 a6 6. f3 e6 7. Be3 b5 8. Qd2
Nbd7 9. g4 Bb7 10. g5 Nh5 11. O-O-O Rc8 12. Kb1 g6 13. Nb3 Be7 14. Be2 O-O 15.
a3 Ne5 16. f4 Nc4 17. Qd3 Ng7 18. Bf3 Qc7 19. Bd2 Rfd8 20. h4 d5 21. exd5 Bxa3
22. bxa3 Nxd2+ 23. Qxd2 Qxc3 24. Qxc3 Rxc3 25. dxe6 Rxd1+ 26. Rxd1 Bxf3 27.
Rd8+ Ne8 28. Rxe8+ Kg7 29. Kb2 Rc7 30. Nd4 Bc6 31. Rd8 1-0

[Event "Bad Woerishofen sen"]
[Site "?"]
[Date "2006.03.25"]
[Round "9"]
[White "De Leeuw, Johannes"]
[Black "Paulsen, Eckart"]
[Result "1-0"]
[WhiteElo "1992"]
[BlackElo "1798"]
[PlyCount "63"]
[EventDate "2006.??.??"]

1. e4 e6 2. d4 d5 3. Bd3 dxe4 4. Bxe4 Nf6 5. Bf3 c5 6. Ne2 cxd4 7. Qxd4 Qxd4 8.
Nxd4 e5 9. Nb5 Na6 10. Be3 e4 11. Bd1 b6 12. Nd2 Be7 13. a3 O-O 14. Nc3 Bb7 15.
Be2 Nc5 16. h3 Rfd8 17. O-O-O Rac8 18. Kb1 Ne6 19. Nb5 a6 20. Na7 Rb8 21. Bxb6
Rd7 22. Nc4 Bd5 23. Be3 Bxc4 24. Bxc4 Bxa3 25. b3 Nc5 26. Nc6 Rb6 27. Ne5 Rdd6
28. Nxf7 Rxd1+ 29. Rxd1 Kf8 30. Ka2 Bb4 31. c3 Bxc3 32. Bxc5+ 1-0

[Event "Bad Woerishofen sen"]
[Site "?"]
[Date "2006.03.25"]
[Round "9"]
[White "Hoennekes, Klaus"]
[Black "Aigner, Georg"]
[Result "1-0"]
[WhiteElo "2138"]
[BlackElo "2029"]
[PlyCount "55"]
[EventDate "2006.??.??"]

1. e4 e5 2. f4 exf4 3. Nf3 d5 4. exd5 Qxd5 5. Nc3 Qe6+ 6. Be2 Bd6 7. O-O Nf6 8.
Bb5+ Kf8 9. d4 Qg4 10. Be2 Qf5 11. Nb5 Nc6 12. Nxd6 cxd6 13. Nh4 Qd5 14. Rxf4
Bd7 15. c4 Qa5 16. a3 Re8 17. b4 Qc7 18. Qf1 Qd8 19. b5 Na5 20. Rb1 Re4 21. Bd2
Qe7 22. Bd3 Rxf4 23. Qxf4 Nh5 24. Qf2 Qd8 25. Bb4 Be6 26. Nf5 Nxc4 27. Bxc4
Bxc4 28. Nxd6 1-0

[Event "Bad Woerishofen op"]
[Site "?"]
[Date "2006.03.25"]
[Round "9"]
[White "Negi, Parimarjan"]
[Black "Wohl, Alexandar"]
[Result "1-0"]
[WhiteElo "2396"]
[BlackElo "2452"]
[PlyCount "59"]
[EventDate "2006.??.??"]

1. e4 g6 2. d4 Bg7 3. Nc3 d6 4. Bg5 a6 5. Nf3 Nd7 6. Qd2 b5 7. a4 b4 8. Nd5 h6
9. Bh4 a5 10. c3 g5 11. Bg3 e6 12. Ne3 bxc3 13. bxc3 Ngf6 14. Bd3 Bb7 15. e5
Ne4 16. Bxe4 Bxe4 17. exd6 cxd6 18. Bxd6 Qb6 19. Ba3 Qc6 20. O-O Bxf3 21. gxf3
Qxf3 22. Qd1 Qxd1 23. Rfxd1 Rc8 24. c4 f5 25. c5 Kf7 26. Nc4 Rc7 27. Rab1 Ra8
28. d5 Nxc5 29. d6 Rc6 30. Rb6 1-0

[Event "Bad Woerishofen op"]
[Site "?"]
[Date "2006.03.25"]
[Round "9"]
[White "Guenther, Thomas"]
[Black "Graf, Felix"]
[Result "0-1"]
[WhiteElo "2111"]
[BlackElo "2209"]
[PlyCount "50"]
[EventDate "2006.??.??"]

1. Nf3 Nf6 2. d4 e6 3. c4 Bb4+ 4. Bd2 Qe7 5. a3 Bxd2+ 6. Qxd2 d6 7. Nc3 e5 8.
d5 a5 9. e4 a4 10. Qc2 Nbd7 11. Nd2 Nc5 12. b4 axb3 13. Nxb3 Nxb3 14. Qxb3 O-O
15. Be2 b6 16. O-O Nd7 17. Nb5 Nc5 18. Qe3 Ba6 19. Nc3 f5 20. exf5 Rxf5 21. f4
Re8 22. fxe5 Qxe5 23. Qh3 Bc8 24. Rxf5 Bxf5 25. Qf3 Ne4 0-1